| 000 | 00699nam a2200205Ia 4500 | ||
|---|---|---|---|
| 003 | GCL | ||
| 005 | 20240530104229.0 | ||
| 008 | 140319s9999 xx 000 0 ara d | ||
| 040 |
_aGCL / _cGCL |
||
| 082 | 0 | 4 |
_a364.2 _bع ا |
| 100 | 1 | _aعلى محمد جعفر | |
| 245 | 1 | 0 |
_aالاجرام وسياسة مكافحته: عوامل الجريمة والسياسة العقابية فى التشريع الليبى و المقارن / _cعلى محمد جعفر |
| 300 | _a261 ص | ||
| 490 |
_a100 قصة _v0 |
||
| 650 | 0 | 4 | _aالجريمة والمجرمون |
| 650 | 0 | 4 | _aالسجون |
| 650 | 0 | 4 | _aقانون العقوبات |
| 650 | 0 | 4 | _aالاجتماع الجنائى |
| 942 |
_2ddc _cBK |
||
| 999 |
_c45670 _d45670 |
||